قضية لوز مر : (Record no. 31060)

MARC details
000 -الفاتح
حقل البيانات ثابتة الطول 00981nam a22002895i 4500
003 - محدد رقم الضبط
رقم الضبط EG-ScBUE
005 - وقت وتاريخ اخر تعامل مع التسجيلة
رقم الضبط 20260201142906.0
008 - عناصر البيانات ثابتة الطول - معلومات عامة
حقل البيانات ثابتة الطول 200219s2022 ua g 000 f ara d
017 ## - رقم الإيداع القانونى
رقم الإيداع القانونى 1655 / 2022
020 ## - الرقم الدولى المعيارى للكتب
الرقم الدولى المعيارى للكتاب 9789776743878
040 ## - مصدر الفهرسة
وكالة الفهرسة الأصلية EG-ScBUE
لغة الفهرسة ara
قواعد الوصف rda
وكالة النسخ EG-ScBUE
وكالة التعديل EG-ScBUE
082 04 - رقم تصنيف ديوى العشرى
رقم التصنيف 892.736
رقم المادة م هـ د
رقم الطبعة 22
100 1# - المدخل الرئيسى - إسم شخصى
الإسم الشخصى المهدي ، ميرنا،
الدور مؤلف.
245 10 - بيان العنوان
العنوان قضية لوز مر :
بقية العنوان تحقيقات نوح الألفي : رواية /
بيان المسئوليه,etc ميرنا المهدي.
250 ## - بيان الطبعة
بيان الطبعة الطبعة السابعة والعشرون.
264 #1 - النشر، التوزيع
مكان الناشر او الموزع القاهرة :
اسم الناشر او الموزع دار الكرمة،
تاريخ النشر أو التوزيع 2022.
300 ## - الوصف المادى
التعداد 309 صفحة ؛
أبعاد الوعاء 22 سم
336 ## - نوع المحتوى
Carrier Type Term نص
Content Type Code txt
source rdacontent
337 ## - نوع الوسيط
Media Type Term بدون وسيط
Media Type Code n
source rdamedia
338 ## - نوع الحامل أو الناقل
Carrier Type Term مجلد
Carrier Type Code nc
source rdacarrier
541 ## - تبصرة المصدر المباشر للتزويد
مصدر التزويد Book Fair, 2026
650 #7 - المدخل الاضافى بالموضوع-مصطلح موضوعى
مصطلح موضوعي أو اسم جغرافي كعنصر مدخل القصص العربية
التقسيم الفرعي الزمني قرن 21.
مصدر الرأس أو المصطلح BUEsh
651 ## - المدخل الاضافى بالموضوع - اسم جغرافى
مصدر الرأس أو المصطلح BUEsh
653 ## - مصطلح تكشيفى غير مقيد
Resource For college Arabic Literature
-- Generalities
Arrived date list January2026
655 ## - مصطلح تكشيفى-نوع/شكل
التقسيم الفرعي الشكلي Reading book
942 ## - عناصر المدخل الإضافي( كوها)
مصدر التصنيف او مخطط الترفيف Dewey Decimal Classification
Holdings
حالة التراجع حالة الفقد مصدر التصنيف او خطة الترفيف حالة تلف ليس للاعارة مجموعات كوها المكان الدائم المكان الحالي موقع الترفيف تاريخ الاكتساب Source of acquisition سعر الشراء الطبيعي تعداد مسلسل / التسلسل الزمني رقم الاستدعاء الباركود Date last checked out Date last seen مُعار التكلفة نوع الوعاء
    Dewey Decimal Classification     دار الكرمة للنشر Central Library Central Library Second Floor 01/02/2026 Purchase 175.00 7769 892.736 م هـ د 000057462 21/05/2026 21/04/2026 21/04/2026 219.00 Book - Borrowing